000 00558nam a2200157 i 4500
001 184906
003 ES-MaACL
005 20230906222314.0
008 160218s1920 ve |||| | spa d
100 1 _aMárquez Bustillos, V.
_9158797
245 1 0 _aMensaje que el doctor V. Márquez Bustillos, presidente de los Estados Unidos de Venezuela, presenta al Congreso Nacional en sus sesiones ordinarias de 1920.
260 _aCaracas :
_b[s.n.],
_c1920.
300 _a36 p. ;
_c31 cm.
651 4 _aVenezuela-
_xHistoria.
_9140958
852 _aES-MaACL
_j1612-F-4
999 _c184906
_d184906